Normal view
MARC view
- Khan ,Tooba Javaid
Entry Personal Name
001 - CONTROL NUMBER
- control field: 122441
003 - CONTROL NUMBER IDENTIFIER
- control field: NUST
005 - DATE AND TIME OF LATEST TRANSACTION
- control field: 20240423161137.0
008 - FIXED-LENGTH DATA ELEMENTS
- fixed length control field: 240423|| aca||aabn | a|a d
040 ## - CATALOGING SOURCE
- Original cataloging agency: NUST
- Transcribing agency: NUST
100 ## - HEADING--PERSONAL NAME
- Personal name: Khan ,Tooba Javaid
670 ## - SOURCE DATA FOUND
- Source citation: Work cat.: (NUST): Khan ,Tooba Javaid , Development of Novel Biodegradable Polymer-based Drug Composite for the application of Cardiovascular Implants /
